000 00810cam a2200301 4500
001 ABS68000
008 040709n2004 000 0 eng u
035 _a(Sirsi) u126745
245 _aFocus 2: South London boroughs
260 _c2004
490 _aEstates Gazette
_v(0426) 26 June 2004, 99-115(10)
590 _aABS
590 _aABS
650 _aSOUTH LONDON BOROUGHS
650 _aSOUTHWARK
650 _aGREENWICH PENINSULA
650 _aBERMONDSEY
650 _aLAMBETH
650 _aWANDSWORTH
650 _aLEWISHAM
650 _aMILLENNIUM DOME
650 _aREGENERATION
650 _aPROPERTY-COMMERCIAL PROPERTY-RETAIL PROPERTY-RETAIL PROPERTY MARKET
650 _aOFFICE MARKET
650 _aRESIDENTIAL MARKET
690 _aCOMMERCIAL PROPERTY-MARKET
942 _n0
999 _c117675
_d117675